书目信息 |
| 题名: |
内科疾病诊治与药物应用
|
|
| 作者: | 张敏 , 郇述玲 , 武煜 主编 | |
| 分册: | 下册 | |
| 出版信息: | 长春 吉林科学技术出版社 2016.5 |
|
| 页数: | 277-519页 | |
| 开本: | 26cm | |
| 丛书名: | ||
| 单 册: | ||
| 中图分类: | R5 , R97 | |
| 科图分类: | ||
| 主题词: | 内科--疾病--诊疗 , 临床药学 | |
| 电子资源: | ||
| ISBN: | 978-7-5578-0507-4 | |
| 000 | 00961nam0 2200277 450 | |
| 001 | 0400004857 | |
| 005 | 20171026151823.12 | |
| 010 | @a978-7-5578-0507-4@dCNY65.00 | |
| 100 | @a20160825e20172016em y0chiy50 ea | |
| 101 | 0 | @achi |
| 102 | @aCN@b220000 | |
| 105 | @aa z 000yy | |
| 106 | @ar | |
| 200 | 1 | @a内科疾病诊治与药物应用@9nei ke ji bing zhen zhi yu yao wu ying yong@h下册@f张敏,郇述玲,武煜等主编 |
| 210 | @a长春@c吉林科学技术出版社@d2016.5@h2017.6 | |
| 215 | @a277-519页@c图@d26cm | |
| 330 | @a本书共分13章,内容涉及临床各系统常见内科疾病的诊断与治疗方法,包括:神经内科疾病、心血管内科疾病、呼吸内科疾病、消化内科疾病等内容。 | |
| 606 | 0 | @a内科@x疾病@x诊疗 |
| 606 | 0 | @a临床药学 |
| 690 | @aR5@v5 | |
| 690 | @aR97@v5 | |
| 701 | 0 | @a张敏@9zhang min@c(女,@f1980~)@4主编 |
| 701 | 0 | @a郇述玲@9xun shu ling@c(女)@4主编 |
| 701 | 0 | @a武煜@9wu yu@c(女,@f1974~)@4主编 |
| 801 | 0 | @aCN@b91MARC@c20171025 |
| 905 | @b1039648-51@dR5@f4@e141:2 | |
| 内科疾病诊治与药物应用.下册/张敏,郇述玲,武煜等主编.-长春:吉林科学技术出版社,2016.5(2017.6) |
| 277-519页:图;26cm |
| ISBN 978-7-5578-0507-4:CNY65.00 |
| 本书共分13章,内容涉及临床各系统常见内科疾病的诊断与治疗方法,包括:神经内科疾病、心血管内科疾病、呼吸内科疾病、消化内科疾病等内容。 |
| ● |
| 相关链接 |
|
|
|
|
正题名:内科疾病诊治与药物应用
索取号:R5/141:2
 
预约/预借
| 序号 | 登录号 | 条形码 | 馆藏地/架位号 | 状态 | 备注 |
| 1 | 1039648 | 210396481 | 第二样本阅览室/ [索取号:R5/141:2] | 在馆 | |
| 2 | 1039649 | 210396490 | 第三借阅区/ [索取号:R5/141:2] | 在馆 | |
| 3 | 1039650 | 210396506 | 第三借阅区/ [索取号:R5/141:2] | 在馆 | |
| 4 | 1039651 | 210396515 | 密集书库-生命科学系/ [索取号:R5/141:2] | 在馆 |